000 00587nam a2200205Ia 4500
003 GCL
008 140319s9999 xx 000 0 ara d
040 _aGCL /
_cGCL
082 0 4 _a371.91
_bج ت
100 1 _aجيرهارت، بيل
245 1 0 _aتعليم المعوقين /
_cجيرهارت، بيل
700 1 _aاحمد سلامة
300 _a394 ص
490 _aالالف كتاب الثانى
_v0
650 0 4 _aالتعليم
650 0 4 _aالرعاية والعلاج
650 0 4 _aالمعوقون
650 0 4 _aالاطفال المعوقون
942 _2ddc
_cBK
999 _c48885
_d48885